000 00470nam a22001817a 4500
003 SEACOMMC
005 20231109092536.0
008 231109b |||||||| |||| 00| 0 eng d
020 _cRs. 225.00
040 _aSEACOMMC
082 _a004.6
_bBLA
100 1 _aBlack, Uyless D.
245 1 _aData communications and distributed networks
_cUyless D. Black
250 _a3rd ed
260 _aNew Delhi
_bPrentice-Hall
_c2004
650 _aComputer science
942 _cBOOK
999 _c334
_d334